Prefix Click Quiz: I - Statistics

General Stats
  • This quiz has been taken 132 times
  • The average score is 9 of 15
Answer Stats
Hint Answer % Correct
Fire Ign-
80%
Angry Irat-
80%
Fish Ichthy-
79%
Between Inter-
76%
Journey Itiner-
71%
Idea Ide-
69%
Inside Intra-
68%
Whole Integr-
65%
I (letter) Iota-
63%
Rainbow Irid-
56%
Below Infra-
55%
Again Iter-
55%
Own Idi-
38%
Heavy rain Imbr-
38%
Heal Iatr-
33%
No matching quizzes found
Score Distribution
Percent of People with Each Score
Percentile by Number Answered
Your Score History
You have not taken this quiz